Daniel Gallegos. Premio Magón. Más allá del bien y el mal /

Na minha lista:
Detalhes bibliográficos
Autor principal: Dobles, Aurelia
Formato: Desconhecido
Idioma:Spanish
Assuntos:
Tags: Adicionar Tag
Sem tags, seja o primeiro a adicionar uma tag!

MARC

LEADER 000000000a22000000004500
001 007226
041 0 |a spa 
100 1 |a Dobles, Aurelia 
245 1 0 |a Daniel Gallegos. Premio Magón. Más allá del bien y el mal /   |c Aurelia Dobles. 
650 4 |a ARTE COSTARRICENSE 
650 4 |a ENTREVISTAS 
650 4 |a ESCRITORES COSTARRICENSES 
650 4 |a TEATRO COSTARRICENSE 
773 0 |x 1013-9060  |d San José, Costa Rica : Editorial de la Universidad Estatal a Distancia  |t Revista Nacional de Cultura  |g número 35 (1999), páginas 22-26 
942 |c ARC 
999 |c 13342  |d 13342